| 000 -LEADER |
| fixed length control field |
01790pam a2200265 i 4500 |
| 003 - CONTROL NUMBER IDENTIFIER |
| control field |
KPN |
| 005 - DATE AND TIME OF LATEST TRANSACTION |
| control field |
20260424161811.0 |
| 008 - FIXED-LENGTH DATA ELEMENTS--GENERAL INFORMATION |
| fixed length control field |
20260424b 00| 0 my d |
| 020 ## - INTERNATIONAL STANDARD BOOK NUMBER |
| International Standard Book Number |
9789830975733 |
| Qualifying information |
paperback |
| Terms of availability |
RM21.00 |
| 040 ## - CATALOGING SOURCE |
| Transcribing agency |
KPN |
| 082 04 - DEWEY DECIMAL CLASSIFICATION NUMBER |
| Classification number |
297.57082 MAZ 2016 |
| Edition number |
23 |
| 090 00 - LOCALLY ASSIGNED LC-TYPE CALL NUMBER (OCLC); LOCAL CALL NUMBER (RLIN) |
| Classification number (OCLC) (R) ; Classification number, CALL (RLIN) (NR) |
297.57082 MAZ 2016 |
| Local cutter number (OCLC) ; Book number/undivided call number, CALL (RLIN) |
MAZ |
| 100 0# - MAIN ENTRY--PERSONAL NAME |
| Personal name |
Maznah Daud, |
| Titles and words associated with a name |
Ustazah, |
| Dates associated with a name |
1953- |
| Relator term |
author. |
| 245 10 - TITLE STATEMENT |
| Title |
Wanita cantik masuk syurga : |
| Remainder of title |
Soal jawab fikah kecantikan dan perhiasan / |
| Statement of responsibility, etc. |
Ustazah Maznah Daud, Ustazah Dr. Anidah Ab Ghani ; Penyunting : Zuraimi Ismail |
| 264 #1 - PRODUCTION, PUBLICATION, DISTRIBUTION, MANUFACTURE, AND COPYRIGHT NOTICE |
| Place of production, publication, distribution, manufacture |
Petaling Jaya, Selangor : |
| Name of producer, publisher, distributor, manufacturer |
Galeri Ilmu Sdn. Bhd., |
| Date of production, publication, distribution, manufacture, or copyright notice |
2016 |
| 300 ## - PHYSICAL DESCRIPTION |
| Extent |
xii, 184 pages, 3 unnumbered pages : |
| Other physical details |
colour photographs ; |
| Dimensions |
22 cm |
| 500 ## - GENERAL NOTE |
| General note |
Contains verses from the Qur'an |
| 504 ## - BIBLIOGRAPHY, ETC. NOTE |
| Bibliography, etc. note |
Bibliography: page 183 |
| 521 ## - TARGET AUDIENCE NOTE |
| Target audience note |
Semuanya Tentang Kecantikan, Perhiasan, Aurat dan Pergaulan!<br/><br/>> Panduan yang sangat istimewa buat wanita.<br/>> Berbentuk soal-jawab.<br/>> Lengkap dengan dalil yang jelas dan mudah difahami.<br/>> Ilustrasi yang cantik dan menarik.<br/><br/>✔ Hukum melihat dan menyentuh aurat antara suami isteri<br/>✔ Melihat dan Menyentuh Bukan Mahram<br/>✔ Bertelanjang Ketika Bersendirian<br/>✔ Pergaulan lelaki - wanita, sejauh mana dibolehkan?<br/>✔ Melihat dan Menyentuh Aurat Ketika Darurat<br/>✔ Hukum pengantin bersolek<br/>✔ Rawatan teknik rebonding<br/>✔ Menggunting atau mencukur bulu kening<br/>✔ Pakaian daripada kulit atau bulu binatang<br/>✔ Patung atau gambar dijadikan perhiasan<br/>✔ Mewarna atau menginai rambut dan banyak lagi.<br/><br/>Soalan-soalan ini, antara 111 persoalan tentang Aurat Wanita yang terkandung dalam buku ini. |
| 650 10 - SUBJECT ADDED ENTRY--TOPICAL TERM |
| Topical term or geographic name entry element |
Muslim women |
| General subdivision |
Conduct of life |
|
| Topical term or geographic name entry element |
Women in Islam |
| 700 0# - ADDED ENTRY--PERSONAL NAME |
| Personal name |
Anisah Ab. Ghani, |
| Titles and other words associated with a name |
Dr., Ustazah, |
| Dates associated with a name |
1951- |
| Relator term |
author. |
|
| Personal name |
Zuraimi Ismail, |
| Dates associated with a name |
1969- |
| Relator term |
editor. |
| 942 ## - ADDED ENTRY ELEMENTS (KOHA) |
| Source of classification or shelving scheme |
|
| Koha item type |
Book |
| Suppress in OPAC |
No |